Derechos y políticas públicas : desafíos políticos e institucionales en México /

Gardado en:
Detalles Bibliográficos
Autor Principal: Aguilar Astorga, Carlos Ricardo (coordinación)
Outros autores: Berrios Navarro, María del Pilar (coordinación) (coordinación)
Formato: Libro
Idioma:Lingua castelá
Publicado: Toluca, México : México : UAM Lerma, División de Ciencias Sociales y Humanidades ; Juan Pablos, 2016, c2016
Temas:
Etiquetas: Engadir etiqueta
Sen Etiquetas, Sexa o primeiro en etiquetar este rexistro!

MARC

LEADER 00000nam^a2200000^a^4500
001 000399125
005 20250521000000.0
009 20260310121545.194
020 |a 978-607-28-0944-4 
020 |a 978-607-711-385-0 
037 |a Acervo ITESO - Biblioteca 
041 |a ESP 
082 |a 323. 0972  |b AGU 
100 |a Aguilar Astorga, Carlos Ricardo  |e (coordinación) 
245 1 0 |a Derechos y políticas públicas :  |b desafíos políticos e institucionales en México /  |c Coord. de C.R. Aguilar Astorga, M.P. Berrios Navarro. 
264 4 |a Toluca, México :  |b UAM Lerma, División de Ciencias Sociales y Humanidades ;  |a México :  |b Juan Pablos,  |c 2016, c2016 
300 |a 591 p. 
336 |a texto  |b txt  |2 rdacontenido 
337 |a sin mediación  |b n  |2 rdamedio 
338 |a volumen  |b nc  |2 rdasoporte 
521 |a FIL 2017 EEnlace Departamento de Estudios Sociopolíticos y Jurídicos 
521 |a Peticiones 2018 
649 |a XX 
650 |a Programas Gubernamentales -  |z México 
650 |a Pobreza -  |z México -  |x Prevención y Atención 
650 |a Prostitución -  |z México 
650 |a Violencia -  |z México 
650 |a Igualdad y Desigualdad -  |z México 
650 |a Derecho a la Información 
650 |a Derecho a la Educación -  |z México 
650 |a Derechos Civiles -  |z México 
650 |a Derechos Humanos -  |z México -  |x Tema Principal 
650 |a Políticas Públicas -  |z México -  |x Tema Principal 
650 |a Política -  |z México -  |x Historia 
650 |a México -  |x Condiciones Políticas 
700 |a Berrios Navarro, María del Pilar  |e (coordinación) 
910 |a Fondo General 
920 |a Impresos - Libros 
930 |a Colección General 
905 |a 101 
901 |a 0500294211  |b IT1  |c ACC  |i C157887  |u 20250521 
902 |a https://opac.biblio.iteso.mx/vufind/Record/000399125